00942 2200313 4500001002100000005001500021035002500036008004100061041000800102082001800110245007600128260011700204300004000321850001200361040001200373084001600385504002600401651002600427710004500453090001800498990001200516990001200528990001200540990002000552990002000572990001200592990001200604990001200616YOGYA00000000005287320241016091016 a0010-081400000052591180503 0 ind 0 aind042[23]a959.8241 aMonografi daerah Jawa Barat /cTim Penyusun Monografi Daerah Jawa Barat aJakarta :bProyek Pengembangan Media Kebudayaan Ditjen Kebudayaan Departemen Pendidikan dan Kebudayaan RI,c1977 a170 halaman :btabel, peta ;c29 cm aYOPDYOG aYOPDYOG a959.824 MON aBibliografi: hlm. 169 4aJawa Barat--xSejarah2 aTim Penyusun Monografi Daerah Jawa Barat aR 959.824 MON a22055-A a22054-a a22054-A a72985-PD/A.2024 a72985-PD/A.2024 a22055-A a22054-a a22054-A